000 00543nam a22001937a 4500
003 UA-OsUOA
001 9059
007 ta
008 20041019b un ||||| |||| 00| 0 ukr d
100 _aМочерний С.
700 _aУстенко О.
942 _cSA
040 _aUA-OsUOA
_cUA-OsUOA
_dUA-OsUOA
245 _aЛюдина та закони її розвитку
300 _aС.14-22
955 _a0
773 0 _w0
_tЕкономіка України
_dКиїв
_d2004
_g№9
650 7 _aЛюдина і суспільство
_2UDC
999 _c295220
_d295220